000 02164nam a2200397 a 4500
001 000022022
005 20240412074250.0
008 100916s2005 dr r 001 ddspa d
020 _a9993458295
040 _aDO-SdBNP
_bspa
_cBNPHU
082 _aRD862.4408
_bT829d
245 0 0 _aTrilogía de dramaturgos del Sur ;
_bTrilogía de dramaturgos del Cibao /
_cEdgar Valenzuela, Nicolás Michelén, Ángelo Valenzuela ; Carlos Burgos Acosta, José Adolfo Pichardo, Gerardo Mercedes.
246 1 3 _aTrilogía de dramaturgos del Cibao
260 _aSanto Domingo :
_bCentenario,
_c2005.
300 _a81 p. ; 71 p. ;
_c22 cm.
490 1 _aCibao-Sur
_v1
501 _aPublicado con: Trilogía de dramaturgos del Cibao /Carlos Burgos Acosta, José Adolfo Pichardo, Gerardo Mercedes.
505 0 _rLa autopista teatral Cibao-Sur --
_tEl teatro ante el reto de la globalización /
_rDavid Álvarez Martín --
_tBarriga no grata (Drama) /
_rEdgar Valenzuela --
_tPapeles volteados (Farsa) /
_rNicolás Michelen --
_tLa danza en el crepúsculo (Drama) /
_rÁngelo Valenzuela --
_tOtro aparte: El primer dramaturgo sanjuanero /
_rMiguel Collado.
505 0 _tDramaturgia Cibao-Sur /
_rPedro Antonio Valdez --
_tPáginas de fuego /
_rCarlos Burgos Acosta --
_tEl relevo /
_rGerardo Mercedes (El Cuervo) --
_tLaura /
_rJosé Adolfo Pichardo.
563 _aDos obras encuadernadas juntas con paginación invertida.
590 _aInventariado, 2019/BT
650 4 _aTeatro dominicano
_xColecciones
_921852
650 0 _aLiteratura dominicana.
_967
650 4 _aDramaturgos dominicanos
_945654
700 1 2 _aValenzuela, Edgar
_96575
700 1 2 _aMichelén, Nicolás
_945655
700 1 2 _aValenzuela, Ángelo
_927177
700 1 2 _aBurgos Acosta, Carlos,
_d1965-
_926990
700 1 2 _aPichardo, José Adolfo,
_d1964-
_926369
700 1 2 _aMercedes, Gerardo,
_d1968-
_945656
710 2 2 _aSociedad de Autores y Compositores Dramáticos de la República Dominicana.
_945657
710 2 2 _aAcción Teatral del Sur, ATESUR (República Dominicana)
_945658
740 0 2 _aTrilogía de dramaturgos del Cibao
830 0 _aCibao-Sur
_n1
_945659
910 _aValidado. Control de calidad. EMS
999 _c21520
_d21520